| 000 | 00636nam a22001937a 4500 | ||
|---|---|---|---|
| 005 | 20260604122706.0 | ||
| 010 | _aENG-148745 | ||
| 020 |
_a9788199367593 _c1250.00 |
||
| 035 | _aEN-132277 | ||
| 037 | _bDBAD | ||
| 082 |
_a355.00954 _21 |
||
| 100 |
_aDas, Gautam _989302 |
||
| 245 |
_aLearning the Hard Way from India's Wars, Tactical Military Operations and Anti-Secessionist Campaigns/ _cGautam Das |
||
| 250 | _a1 | ||
| 260 |
_aNew Delhi _bHar Anand Publication _c2026 |
||
| 270 |
_aE-49/3, Okhla Industrial Area, Phase-II, _bNew Delhi _e110020 |
||
| 300 |
_a398p. _c22cm(hb) |
||
| 942 |
_2ddc _cEN _h355.00954 _mDAS |
||
| 999 |
_c216496 _d216496 |
||